Una contribución a la crítica de la economía política del capitalismo informacional transnacional /

Gespeichert in:
Bibliographische Detailangaben
1. Verfasser: Fuchs, Christian
Format: Text
Tags: Tag hinzufügen
Keine Tags, Fügen Sie den ersten Tag hinzu!

MARC

LEADER 00000 a a2200000 04500
001 45807
003
040
100 |a Fuchs, Christian  
245 |a Una contribución a la crítica de la economía política del capitalismo informacional transnacional /  |c Christian Fuchs  
773 |g número36 (2012), páginas 27-41  
999 |c 18493  |d 18493